000 00799cam a22002651 4500
001 8362222
003 ARRUPE
005 20160810100317.0
008 720629s1950 enk b 000 0 eng
010 _a 50002807
015 _aGB50-668
035 _a(OCoLC)345178
040 _aDLC
_cOWibfU
_dOCoLC
_dUk
_dDLC
042 _apremarc
050 0 0 _aD21.3
_b.H3 1950
082 _a940
100 1 _aHalecki, Oskar,
_d1891-
_924671
245 1 4 _aThe limits and divisions of European history.
260 _aLondon,
_aNew York,
_bSheed & Ward,
_c1950.
300 _axiii, 242 p.
_c21 cm.
504 _aBibliographical references included in "Notes" (p. [203]-232)
651 0 _aEurope
_xHistory
_xOutlines
_924672
906 _a7
_bcbc
_coclcrpl
_du
_encip
_f19
_gy-gencatlg
942 _2lcc
_cMONOGRAPH
999 _c124874
_d124874